00613cam a22002051 450000100060000000300080000600500170001400800390003103500190007003500190008904000340010804100080014208200180015010000330016824500610020126000460026230000270030850400510033565000210038611468BD-RjUL20211208235130.0140126r1964 nyu 001 0 eng a(BD-RjUL)11517 a(OCoLC)2885056 aDLCcTxShAdDLCdBD-RjULbeng aeng a910bANG 19641 aAnderson, Margaret Swainson.10aGeography of living things /cMargaret Swainson Anderson aNew York :bPhilosophical Library ,c1964 axiii, 202 p. ;c19 cm. aIncludes bibliographical references and index. 0aHuman geography.